Library Banner

The seven habits of highly effective people : Restoring the char (Record no. 10203)

MARC details
000 -LEADER
fixed length control field 00403nam a2200157Ia 4500
001 - CONTROL NUMBER
control field 8988
008 - FIXED-LENGTH DATA ELEMENTS--GENERAL INFORMATION
fixed length control field 140325s9999 xx 000 0 und d
020 ## - INTERNATIONAL STANDARD BOOK NUMBER
International Standard Book Number 0-671-71117-2
040 ## - CATALOGING SOURCE
Transcribing agency PK-LaUMT
082 ## - DEWEY DECIMAL CLASSIFICATION NUMBER
Classification number 158.1
Item number COV-S
100 ## - MAIN ENTRY--PERSONAL NAME
Personal name Covey, Stephen R.
245 #4 - TITLE STATEMENT
Title The seven habits of highly effective people : Restoring the char
Statement of responsibility, etc Covey, Stephen R.
260 ## - PUBLICATION, DISTRIBUTION, ETC. (IMPRINT)
Date of publication, distribution, etc 1992
546 ## - LANGUAGE NOTE
Language note EN
942 ## - ADDED ENTRY ELEMENTS (KOHA)
Koha item type Books
Holdings
Withdrawn status Lost status Damaged status Not for loan Home library Current library Date acquired Total Checkouts Full call number Barcode Date last seen Price effective from Koha item type
        UMT Main Campus UMT Main Campus 2014-03-25   158.1 COV-S 10344 2014-03-25 2014-03-25 Books